[Event "HUN-chT2 Charousek 0304"]
[Site "Hungary"]
[Date "2003.11.16"]
[Round "3"]
[White "Timko, Melinda"]
[Black "Binder, Csaba"]
[Result "1-0"]
[WhiteElo "2061"]
[BlackElo "2053"]
[PlyCount "150"]
[EventDate "2003.09.28"]
[EventType "team-tourn"]
[EventRounds "11"]
[EventCountry "HUN"]
[SourceTitle "EXT 2005"]
[Source "ChessBase"]
[SourceDate "2004.11.15"]
[SourceVersion "1"]
[SourceVersionDate "2004.11.15"]
[SourceQuality "1"]

1. c4 Nf6 2. Nf3 g6 3. g3 Bg7 4. Bg2 0-0 5. 0-0 d5 6. cxd5 Nxd5 7. d4 Nc6 8. e4 Nb6 9. d5 Ne5 10. Nxe5 Bxe5 11. f4 Bg7 12. Nc3 e6 13. a4 exd5 14. a5 d4 15. axb6 dxc3 16. Rxa7 Bd4+ 17. Kh1 cxb2 18. Bxb2 Rxa7 19. bxa7 Bxa7 20. Qc2 Bg4 21. Qc3 f6 22. e5 Be6 23. exf6 Kf7 24. Bxb7 Bd5+ 25. Bxd5+ Qxd5+ 26. Qf3 Rd8 27. Qxd5+ Rxd5 28. Re1 Bd4 29. Bxd4 Rxd4 30. Re7+ Kxf6 31. Rxc7 h5 32. Kg2 Rd2+ 33. Kh3 Rf2 34. Rc5 Re2 35. Rc1 Rf2 36. Rg1 Kf5 37. Rg2 Rf1 38. Kh4 Rf3 39. Ra2 Rf1 40. h3 Rg1 41. Ra8 Kf6 42. Ra6+ Kf5 43. Ra5+ Kf6 44. g4 hxg4 45. hxg4 Rh1+ 46. Kg3 Rg1+ 47. Kh3 Rf1 48. Ra6+ Kf7 49. Kh4 Rxf4 50. Kg5 Rf1 51. Ra7+ Kf8 52. Kxg6 Rg1 53. Ra8+ Ke7 54. Ra4 Kf8 55. g5 Rg2 56. Rf4+ Kg8 57. Kf6 Kf8 58. Ra4 Rf2+ 59. Kg6 Rg2 60. Ra5 Rg1 61. Ra8+ Ke7 62. Kh6 Kf7 63. Ra7+ Kg8 64. Kg6 Kf8 65. Ra8+ Ke7 66. Rg8 Rg2 67. Kh7 Rh2+ 68. Kg7 Rg2 69. g6 Rg1 70. Rh8 Rg2 71. Ra8 Rg1 72. Ra6 Rh1 73. Kg8 Rh2 74. Ra7+ Ke8 75. Rh7 Rg2 1-0